Chinese research perspectives on population and labor. Volume 1 /

Bibliographic Details
Other Authors: Cai, Fang, (Editor)
Format: eBook
Language:English
Published: Leiden, The Netherlands : Brill, 2014.
Series:Chinese Research Perspectives: Population and Labor, Volume 1
Subjects:
Online Access:Click to View
LEADER 01898nam a2200445 i 4500
001 EBC1694720
003 MiAaPQ
005 20200903223051.0
006 m o d |
007 cr cnu||||||||
008 140609t20142014ne a ob 001 0 eng d
020 |z 9789004273177 
020 |a 9789004273184  |q (electronic bk.) 
035 |a (MiAaPQ)EBC1694720 
035 |a (Au-PeEL)EBL1694720 
035 |a (CaPaEBR)ebr10875027 
035 |a (CaONFJC)MIL613208 
035 |a (OCoLC)880827263 
040 |a MiAaPQ  |b eng  |e rda  |e pn  |c MiAaPQ  |d MiAaPQ 
043 |a a-cc--- 
050 4 |a HD5830.A6  |b .C4836 2014 
082 0 |a 331.10951  |2 23 
245 0 0 |a Chinese research perspectives on population and labor.  |n Volume 1 /  |c edited by Cai Fang. 
264 1 |a Leiden, The Netherlands :  |b Brill,  |c 2014. 
264 4 |c 2014 
300 |a 1 online resource (226 pages) :  |b illustrations, tables. 
336 |a text  |2 rdacontent 
337 |a computer  |2 rdamedia 
338 |a online resource  |2 rdacarrier 
490 0 |a Chinese Research Perspectives: Population and Labor,  |x 2212-7518 ;  |v Volume 1 
504 |a Includes bibliographical references at the end of each chapters and index. 
588 |a Description based on print version record. 
590 |a Electronic reproduction. Ann Arbor, MI : ProQuest, 2016. Available via World Wide Web. Access may be limited to ProQuest affiliated libraries. 
650 0 |a Labor supply  |z China. 
651 0 |a China  |x Population. 
655 4 |a Electronic books. 
700 1 |a Cai, Fang,  |e editor. 
776 0 8 |i Print version:  |t Chinese research perspectives on population and labor. Volume 1  |d Leiden, The Netherlands : Brill, c2014   |h 220 pages   |k Chinese Research Perspectives: Population and Labor ; Volume 1   |z 9789004273177   |w 2014005543 
797 2 |a ProQuest (Firm) 
856 4 0 |u https://ebookcentral.proquest.com/lib/matrademy/detail.action?docID=1694720  |z Click to View